Tate McRae Songs A-Z - Statistics

General Stats
  • This quiz has been taken 1,590 times
    1,106 since last reset
  • The average score is 15 of 24
Answer Stats
Hint Answer % Correct
S she's all i wanna be | Shoulder to Shoulder | Signs | Siren sounds | Slip | slower | Sports car | stay done | stupid
90%
G go away | grave | greedy | Green Light | guilty conscience
88%
R Revolving door | rubberhand | run for the hills | r u ok
81%
I I know love | i'm so gone | i still say goodnight | It's ok I'm ok
78%
Y You | you broke me first | you're so cool
78%
M Means I care | messier | Miss possessive
77%
C calgary | Can't Get It Out | chaotic | cut my hair
76%
T tear myself apart | Teenage Mind | that way | think later
72%
W want that too | we're not alike | What I Want | what's your problem? | what would you do? | wish i loved you in the 90s | working
72%
D Darkest Hour | Dear god | Distant | don't be sad | don't come back | Drown
70%
P plastic palm trees | Purple lace bra
70%
B bad ones | bloodonmyhands | Boys Ain't Shit | boy x
68%
E exes
65%
N No I'm not in love | Nostalgia
65%
# 10:35 | 2 hands
63%
J Just Keep Watching
61%
H happy face | Hard to Find | hate myself | Heather | Hung up on You | hurt my feelings
58%
L lie to me | Like I do
56%
U uh oh | u love u
48%
F feel like shit
45%
O One Day
44%
A All Day All Night | all my friends are fake
42%
V vicious
42%
K Kids Are Alright
18%
No matching quizzes found
Score Distribution
Percent of People with Each Score
Percentile by Number Answered
Your Score History
You have not taken this quiz since the last reset